V Šambrone na úrade chýba internet

Bibliographic Details
Main Author: Rindoš, Peter (Author, Photographer)
Format: Article
Language:Slovak
PhysicalDescription:Fotogr.
ISSN:1335-7573
Subjects:

MARC

LEADER 00000nab a2200000 ar4500
001 vtls008982707
003 SK-MaSNL
005 20260305033046.0
008 070423c20070222xo dr|n|||||||000 b|slo
015 |a SLLK2006  |2 sllk 
038 |a SLLK 
040 |a SLLK  |b slo  |c sllk  |e AACR2 
041 0 |a slo 
044 |a xo  |c SK 
080 |a 352.9  |2 1997 
080 |a 004.738.5  |2 1997 
100 1 |a Rindoš, Peter  |4 pht  |4 aut  |9 668686 
245 1 0 |a V Šambrone na úrade chýba internet  |c Peter Rindoš ; foto k článku: autor 
300 |b Fotogr. 
610 2 7 |a Šambron (Slovensko).  |b Obecný úrad  |2 snkbucl  |9 190673 
648 7 |a 2007  |2 snkbucl  |9 313226 
650 0 7 |a samospráva  |x internet  |x využívanie  |2 snkbucl  |9 1192596 
651 7 |a Šambron (Slovensko)  |2 snkbucl  |9 59229 
651 7 |a Stará Ľubovňa (Slovensko : okres)  |2 snkbucl  |9 19196 
773 0 |t Tatranský denník Korzár  |g Roč. IX, č. 44 (22. 2.2007) s. 1  |x 1335-7573 
852 |a SLLK  |b KIS3GCP 
999 |c 3322643  |d 3324573